Los novelistas sociales españoles (1928-1936) (Record no. 112619)

MARC details
000 -LEADER
campo de control de longitud fija 00708nam a2200229 4500
001 - NÚMERO DE CONTROL
campo de control 112619
003 - IDENTIFICADOR DE NÚMERO DE CONTROL
campo de control ES-MaACL
005 - FECHA Y HORA DE LA ÚLTIMA TRANSACCIÓN
campo de control 20250826063141.0
007 - CAMPO FIJO DE DESCRIPCIÓN FÍSICA--INFORMACIÓN GENERAL
campo de control de longitud fija t|
008 - DATOS DE LONGITUD FIJA--INFORMACIÓN GENERAL
campo de control de longitud fija 061121s1977 sp r ||||1| spa d
245 04 - MENCIÓN DEL TÍTULO
Título Los novelistas sociales españoles (1928-1936)
Resto del título : antología /
Mención de responsabilidad, etc. José Esteban, Gonzalo Santonja.
250 ## - MENCION DE EDICION
Mención de edición 1ª ed.
260 ## - PUBLICACIÓN, DISTRIBUCIÓN, ETC.
Lugar de publicación, distribución, etc. Pamplona :
Nombre del editor, distribuidor, etc. Peralta,
Fecha de publicación, distribución, etc. 1977
300 ## - DESCRIPCIÓN FÍSICA
Extensión 324 p. ;
Dimensiones 20 cm.
490 1# - MENCIÓN DE SERIE
Mención de serie Libros (Peralta) ;
Designación de volumen o secuencia 23
RLIN 242040
700 1# - ENTRADA AGREGADA--NOMBRE PERSONAL
Nombre de persona Esteban, José,
Fechas asociadas al nombre 1935-
9 (RLIN) 48033
700 1# - ENTRADA AGREGADA--NOMBRE PERSONAL
Nombre de persona Santonja, Gonzalo,
Fechas asociadas al nombre 1952-
9 (RLIN) 103451
830 #0 - PUNTO DE ACCESO ADICIONAL DE SERIE-TÍTULO UNIFORME
Título uniforme Libros (Peralta) ;
Designación de volumen o secuencia 23
9 (RLIN) 242040
852 ## - LOCALIZACIÓN
Ubicación ES-MaACL
Número de control de estantería L-7507
Sublocalización o colección R.107504
942 ## - ELEMENTOS DE ENTRADA SECUNDARIOS (KOHA)
Fuente del sistema de clasificación o colocación Clasificación decimal universal
Holdings
Estatus retirado Estado de pérdida Estado de daño No para préstamo Biblioteca de origen Biblioteca actual Ubicación en estantería Fecha de adquisición Fuente de adquisición Total de préstamos Signatura topográfica completa Código de barras Visto por última vez Precio de reemplazo Tipo de ítem Koha
        Biblioteca del Ateneo de Madrid Biblioteca del Ateneo de Madrid Depósito 2 17/01/2008     L-7507 1117475 23/02/2023 23/02/2023 Libro impreso